Statistics for 10 Most Populated Countries and Capitals in Asia

Click here to take the quiz!

General Stats

  • This quiz has been taken 176 times
  • The average score is 18 of 20

Answer Stats

PopulationAnswer% Correct
1,381 millionChina
99%
1,310 millionIndia
99%
260 millionIndonesia
99%
39 millionTokyo
97%
196 millionPakistan
96%
161 millionBangladesh
95%
126 millionJapan
95%
20 millionBeijing
93%
79 millionIran
93%
27 millionNew Delhi
93%
28 millionJakarta
91%
103 millionPhilippines
91%
24 millionManila
88%
92 millionVietnam
87%
14 millionTehran
86%
24 millionSeoul
85%
17 millionBangkok
82%
69 millionTurkey
82%
17 millionDhaka
75%
9 millionTaipei
62%

Score Distribution

Percentile by Number Answered

Percent of People with Each Score

Your Score History

You have not taken this quiz